Effects of logging on the natural regeneration of rhizophora species, under the current silvicultural practices in Matang Mangrove Reserves

Bibliographic Details
Main Author: ABDULLAH Sani bin Shafie
Format: Book
Published: Serdang, Selangor : Universiti Pertanian Malaysia , 1977
Subjects:

MARC

LEADER 00000cam a2200000 7i4500
001 0000001295
005 20140405.0
090 0 0 |a R THE634.98   |b ABD 1977 
100 0 0 |a ABDULLAH Sani bin Shafie 
245 1 0 |a Effects of logging on the natural regeneration of rhizophora species, under the current silvicultural practices in Matang Mangrove Reserves   |c Abdullah Sani bin Shafie 
260 0 0 |a Serdang, Selangor :   |b Universiti Pertanian Malaysia ,   |c 1977 
300 |a vii, 37 p. :   |b maps ;   |c 29 cm. 
500 0 0 |a Bachelor of Science (Forestry) - Universiti Pertanian Malaysia, 1977 
500 0 0 |a Bibliography : [p. 38] 
650 0 0 |a Logging   |x Environmental aspects   |z Perak 
998 |a JPSM 
999 |a 0000002256   |b Monograph   |c Thesis   |e Default branch